000 00942nam a22002537a 4500
003 DO-SdBNP
005 20221207143550.0
007 ta
008 211125b2022 e 000 0 spa d
020 _a9789945468953
040 _aDO-SdBNP
_bspa
_cBNPHU
082 4 _222
_axxx
_bxxx
110 1 _aAsociación Nacional de Agencias Distribuidoras de Vehículos (ANADIVE)
_980733
245 1 0 _aEstatutos sociales :
_cANADIVE /
260 _aSanto Domingo :
_bAlfa y Omega,
_c2022.
300 _a82 p. :
_c22 cm
500 _aReformado de acuerdo a las disposiciones del articulo 5, párrafo II, de la ley 122-05, acogido por la procuraduría general de la República, mediante la resolución No. 0008 de fecha 19 de mayo del año 2022.0
590 _aInventariado, 2022/ YL
650 4 0 _914565
_aBancos
650 4 0 _aBancos
_vEstatutos
_xLegistación
_980734
910 _aYLockward
942 _2ddc
_cLBS1
956 _aInventariado, 2021 / SA
999 _c53087
_d53087